Statistiques concernant Politics and citizenship - part 4

Cliquez ici pour prendre le quiz!

Statistiques générales

  • Ce quiz a été pris 2 fois
  • Le résultat moyen est 62 sur 89

Statistiques - réponses

FrançaisAnglais% Correct
une commissiona commission
100%
un comitéa committee
100%
un conseil régionala county/ a regional council
100%
un gouverneura governor
100%
un gouvernement majoritaire, minoritairea majority/a minority government
100%
un mairea mayor
100%
une réuniona meeting
100%
un ministrea minister
100%
une assembléean assembly
100%
une politiquea policy
100%
un secrétaire d'étata state secretary
100%
la décentralisationdecentralization
100%
Le pouvoir éxecutifexecutive power
100%
les structures généralesgeneral structures
100%
les gouvernementsgovernments
100%
la régionalisationregionalization
100%
les impôtstaxes
100%
le gouvernement américainthe american government
100%
le gouvernement britanniquethe british government
100%
le budgetthe budget
100%
le cabinetthe cabinet
100%
le cabinetthe cabinet
100%
le conseil des ministresthe council of ministers
100%
la politique économiquethe economic policy
100%
l'éxécutifthe executive
100%
le gouvernement françaisthe french government
100%
le gouvernementthe government
100%
les autorités localesthe local authorities
100%
le ministre de la culturethe minister of culture
100%
le ministre de la défensethe minister of defense
100%
le ministre de l'environnementthe minister of environment
100%
le ministre de l'économie et des financesthe minister of finance
100%
le ministre des affaires étrangèresthe minister of foreign affairs
100%
le ministre de la santéthe minister of health
100%
le ministre de l'intérieurthe minister of interior
100%
le ministre de la justicethe minister of justice
100%
ministre de la recherchethe minister of research
100%
le ministre du commercethe minister of trade
100%
le premier ministrethe prime minister
100%
nommerto appoint
100%
se retirer, démissionerto resign
100%
un fonctionnairea government employee
50%
une nominationan appointement
50%
un remaniementa reshuffle
50%
un haut fonctionnairea senior civil sergeant/a top government official
50%
un avantage fiscala tax break / a tax cut
50%
un fraudeur fiscala tax-evader/a tax-dodger
50%
un paradis fiscala tax haeven,
50%
un contribuablea taxpayer
50%
un conseiller municipala town councillor
50%
les taxes dounièresduties
50%
l'impôt sur le revenuincome tax
50%
l'administration localelocal government
50%
l'impôt froncierproperty tax
50%
l'imposition, les contributionstaxation
50%
l'éxonération d'impôttax exemption
50%
le prélèvement fiscaltax levy
50%
le ministre de la justicethe attorney general
50%
le chancelier de l'échiquierthe chancellor of the exchequer
50%
le ministère de la santéthe department of health
50%
le ministère des affaires étrangèresthe foreign office
50%
le ministère de l'intérieurthe home office
50%
le ministre de l'intérieurthe home secretary
50%
le ministre de la justicethe lord chancellor
50%
le ministère de la justicethe lord chancellor's office
50%
le ministre de l'éducation nationalethe minister of education
50%
le ministre du travailthe minister of employment
50%
le ministre des financesthe secretary of the treasury
50%
le cabinet fantôme de l'oppositionthe shadow cabinet
50%
le porte parole de l'opposition sur les affaires étrangèresthe shadow foreign secretary
50%
le ministère des affaires étrangèresthe state department
50%
le fiscthe tax office
50%
le conseil municipalthe town council
50%
la mairie, l'hotel de villethe town hall
50%
le trésorthe treasury
50%
le trésorthe treasury department
50%
limoger un ministreto dismiss a minister
50%
entrer au gouvernementto enter/to join a government
50%
prélever, percevoir des impôtsto levy/to collect taxes
50%
payer des impôtsto pay taxes
50%
remanierto reshuffle
50%
diriger un gouvernementto run a government
50%
l'impôt sur la fortunewealth tax
50%
le ministre d'étata minister without portefolio, a senior minister
0%
le ministre (ministère) de l'agriculturethe minister (ministry) of agriculture
0%
le premier ministrethe premier, the prim minister
0%
le ministre des affaires étrangèresthe state secretary, the secretary of state
0%
frauder le fiscto dodge taxes/evaded taxes
0%
la TVAValue Added Tax/sales taxe
0%

Distribution des résultats

Percentile par nombre de réponses

% des personnes avec chaque résultat

Votre développement - résultats

Vous n’avez pas pris ce quiz